La disciplina escolar ó el secreto de la educación / (Record no. 132187)

MARC details
000 -LEADER
campo de control de longitud fija 00566nam a2200169 4500
001 - NÚMERO DE CONTROL
campo de control 132187
003 - IDENTIFICADOR DE NÚMERO DE CONTROL
campo de control ES-MaACL
005 - FECHA Y HORA DE LA ÚLTIMA TRANSACCIÓN
campo de control 20230906194126.0
007 - CAMPO FIJO DE DESCRIPCIÓN FÍSICA--INFORMACIÓN GENERAL
campo de control de longitud fija t|
008 - DATOS DE LONGITUD FIJA--INFORMACIÓN GENERAL
campo de control de longitud fija 070214s1909 sp r ||||1| spa d
100 1# - ENTRADA PRINCIPAL--NOMBRE DE PERSONA
Nombre de persona Roji de Echenique, Angel.
9 (RLIN) 99087
245 13 - MENCIÓN DEL TÍTULO
Título La disciplina escolar ó el secreto de la educación /
Mención de responsabilidad, etc. Angel Roji de Echenique ; con un prólogo del R.P. Adolfo Villanueva.
260 ## - PUBLICACIÓN, DISTRIBUCIÓN, ETC.
Lugar de publicación, distribución, etc. Pamplona :
Nombre del editor, distribuidor, etc. [s.n.],
Fecha de publicación, distribución, etc. 1909 (
Fabricante Viuda de R. Velandia)
300 ## - DESCRIPCIÓN FÍSICA
Extensión 142 p. ;
Dimensiones 21 cm.
700 1# - ENTRADA AGREGADA--NOMBRE PERSONAL
Nombre de persona Villanueva, Adolfo.
9 (RLIN) 115013
852 ## - LOCALIZACIÓN
Ubicación ES-MaACL
Número de control de estantería F-1491
Holdings
Estatus retirado Estado de pérdida Estado de daño No para préstamo Biblioteca de origen Biblioteca actual Ubicación en estantería Fecha de adquisición Fuente de adquisición Total de préstamos Signatura topográfica completa Código de barras Visto por última vez Precio de reemplazo Tipo de ítem Koha
        Biblioteca del Ateneo de Madrid Biblioteca del Ateneo de Madrid Depósito 2 17/01/2008     F-1491 1137620 23/02/2023 23/02/2023 Libro impreso